<?xml version="1.0" encoding="UTF-8"?>
<collection xmlns="http://www.loc.gov/MARC21/slim">
 <record>
  <leader>01603pam a22002538a 4500</leader>
  <controlfield tag="001">00044509</controlfield>
  <controlfield tag="005">20190806140846.0</controlfield>
  <controlfield tag="008">110616s1995                  ||||||Viesd</controlfield>
  <datafield tag="020" ind1="#" ind2="#">
   <subfield code="c">20000</subfield>
  </datafield>
  <datafield tag="041" ind1="0" ind2="#">
   <subfield code="a">Vie</subfield>
  </datafield>
  <datafield tag="082" ind1="1" ind2="4">
   <subfield code="a">372.6</subfield>
   <subfield code="b">PH561PH</subfield>
  </datafield>
  <datafield tag="100" ind1="0" ind2="#">
   <subfield code="a">Lê, A</subfield>
  </datafield>
  <datafield tag="245" ind1="0" ind2="0">
   <subfield code="a">Phương pháp dạy học tiếng việt</subfield>
   <subfield code="c">Lê A; Nguyễn Quang Ninh; Bùi Minh Toán</subfield>
  </datafield>
  <datafield tag="250" ind1="#" ind2="#">
   <subfield code="a">Tái bản lần thứ 11</subfield>
  </datafield>
  <datafield tag="260" ind1="#" ind2="#">
   <subfield code="a">Hà Nội</subfield>
   <subfield code="b">Giáo Dục</subfield>
   <subfield code="c">2008</subfield>
  </datafield>
  <datafield tag="300" ind1="#" ind2="#">
   <subfield code="a">240 tr.</subfield>
   <subfield code="c">21 cm.</subfield>
  </datafield>
  <datafield tag="653" ind1="#" ind2="#">
   <subfield code="a">Phương pháp dạy học</subfield>
  </datafield>
  <datafield tag="653" ind1="#" ind2="#">
   <subfield code="a">Tiếng việt</subfield>
  </datafield>
  <datafield tag="653" ind1="#" ind2="#">
   <subfield code="a">Tiểu học</subfield>
  </datafield>
  <datafield tag="700" ind1="0" ind2="#">
   <subfield code="a">Bùi, Minh Toán</subfield>
  </datafield>
  <datafield tag="700" ind1="0" ind2="#">
   <subfield code="a">Nguyễn, Quang Ninh</subfield>
  </datafield>
  <datafield tag="852" ind1="#" ind2="#">
   <subfield code="j">KD.0026199</subfield>
   <subfield code="j">KM.0031749</subfield>
   <subfield code="j">KM.0031750</subfield>
   <subfield code="j">KM.0031751</subfield>
   <subfield code="j">KM.0031752</subfield>
   <subfield code="j">KM.0031753</subfield>
   <subfield code="j">KM.0031754</subfield>
   <subfield code="j">KM.0031755</subfield>
   <subfield code="j">KM.0031756</subfield>
   <subfield code="j">KM.0031757</subfield>
   <subfield code="j">KM.0031758</subfield>
   <subfield code="j">KM.0031759</subfield>
   <subfield code="j">KM.0031760</subfield>
   <subfield code="j">KM.0031761</subfield>
   <subfield code="j">KM.0031762</subfield>
   <subfield code="j">KM.0031763</subfield>
   <subfield code="j">KM.0031764</subfield>
   <subfield code="j">KM.0031765</subfield>
   <subfield code="j">KM.0031766</subfield>
   <subfield code="j">KM.0031767</subfield>
   <subfield code="j">KM.0031768</subfield>
   <subfield code="j">KM.0031769</subfield>
   <subfield code="j">KM.0031770</subfield>
   <subfield code="j">KM.0031771</subfield>
   <subfield code="j">KM.0031772</subfield>
   <subfield code="j">KM.0031773</subfield>
   <subfield code="j">KM.0031774</subfield>
   <subfield code="j">KM.0031775</subfield>
   <subfield code="j">KM.0031776</subfield>
   <subfield code="j">KM.0031777</subfield>
   <subfield code="j">KM.0031778</subfield>
   <subfield code="j">KM.0031779</subfield>
   <subfield code="j">KM.0031780</subfield>
   <subfield code="j">KM.0031781</subfield>
   <subfield code="j">KM.0031782</subfield>
   <subfield code="j">KM.0031783</subfield>
   <subfield code="j">KM.0031784</subfield>
   <subfield code="j">KM.0031785</subfield>
   <subfield code="j">KM.0031786</subfield>
   <subfield code="j">KM.0031787</subfield>
   <subfield code="j">KM.0031788</subfield>
   <subfield code="j">KM.0031789</subfield>
   <subfield code="j">KM.0031790</subfield>
   <subfield code="j">KM.0031791</subfield>
   <subfield code="j">KM.0031792</subfield>
   <subfield code="j">KM.0031793</subfield>
   <subfield code="j">KM.0031794</subfield>
   <subfield code="j">KM.0031795</subfield>
   <subfield code="j">KM.0031796</subfield>
   <subfield code="j">KM.0031797</subfield>
   <subfield code="j">KM.0031798</subfield>
   <subfield code="j">KM.0031799</subfield>
   <subfield code="j">KM.0031800</subfield>
   <subfield code="j">KM.0031801</subfield>
   <subfield code="j">KM.0031802</subfield>
   <subfield code="j">KM.0031803</subfield>
   <subfield code="j">KM.0031804</subfield>
   <subfield code="j">KM.0031805</subfield>
   <subfield code="j">KM.0031806</subfield>
   <subfield code="j">KM.0031807</subfield>
   <subfield code="j">KM.0031808</subfield>
   <subfield code="j">KM.0031809</subfield>
   <subfield code="j">KM.0031810</subfield>
   <subfield code="j">KM.0031811</subfield>
   <subfield code="j">KM.0031812</subfield>
   <subfield code="j">KM.0031813</subfield>
   <subfield code="j">KM.0031814</subfield>
  </datafield>
  <datafield tag="910" ind1="0" ind2="#">
   <subfield code="d">6/8/2019</subfield>
  </datafield>
  <datafield tag="980" ind1="#" ind2="#">
   <subfield code="a">Trung tâm Học liệu Lê Vũ Hùng, Trường Đại học Đồng Tháp</subfield>
  </datafield>
 </record>
</collection>
